000 00663nam a2200241 a 4500
001 nice12345678
003 IN_TiNIC
005 20260116013735.0
008 050524s1998 newa grp 000 0 eng
020 _a8121544
_c525
082 0 0 _a291.2
_bPAN
100 _aPandit, Motilal
245 _aIdentity in Conflict
_b Classical Christian Faith and Religio Occulta.
260 _aNew Delhi
_bMunshiram Manoharlal Publishers
_c1998
300 _a253p
500 _aincludes index and biblioraphy
505 2 _aIndex
650 _aComparative Religion-Doctrines
700 1 _aPandit, Motilal
902 _bSRS
942 _cBK
999 _c12245
_d12245